Molecular biology of the gene (Record no. 1430131)
[ view plain ]
| 000 -LEADER | |
|---|---|
| fixed length control field | 00546nam a2200217Ia 4500 |
| 005 - DATE AND TIME OF LATEST TRANSACTION | |
| control field | 20250707122909.0 |
| 008 - FIXED-LENGTH DATA ELEMENTS--GENERAL INFORMATION | |
| fixed length control field | 008 250516s9999 xx 000 0 eng d |
| 020 ## - INTERNATIONAL STANDARD BOOK NUMBER | |
| International Standard Book Number | 9788176711340 |
| 040 ## - CATALOGING SOURCE | |
| Language of cataloging | eng |
| Transcribing agency | SDCL |
| 041 ## - LANGUAGE CODE | |
| Language code of text/sound track or separate title | eng |
| Source of code | eng |
| 084 ## - COLON CLASSIFICATION NUMBER | |
| Classification number | G9M,116 R4 |
| 100 ## - MAIN ENTRY--PERSONAL NAME | |
| Personal name | Watson, James D. |
| 245 #0 - TITLE STATEMENT | |
| Title | Molecular biology of the gene |
| 250 ## - EDITION STATEMENT | |
| Edition statement | 8th ed. |
| 260 ## - PUBLICATION, DISTRIBUTION, ETC. | |
| Place of publication, distribution, etc. | New Delhi : |
| Name of publisher, distributor, etc. | EWP, |
| Date of publication, distribution, etc. | 2024. |
| 300 ## - PHYSICAL DESCRIPTION | |
| Extent | xxxiv, 872p. |
| 650 ## - SUBJECT ADDED ENTRY--TOPICAL TERM | |
| Topical term or geographic name entry element | Biochemistry |
| 700 ## - ADDED ENTRY--PERSONAL NAME | |
| Personal name | Baker, Tania A. |
| 700 ## - ADDED ENTRY--PERSONAL NAME | |
| Personal name | Bell, Stephen P. |
| 942 ## - ADDED ENTRY ELEMENTS (KOHA) | |
| Koha item type | Textual |
| Source of classification or shelving scheme | Colon Classification (CC) |
| 999 ## - | |
| -- | 1430131 |
| -- | 1430131 |
| Withdrawn status | Lost status | Source of classification or shelving scheme | Damaged status | Not for loan | Home library | Current library | Date acquired | Source of acquisition | Inventory number | Total checkouts | Full call number | Barcode | Date last seen | Price effective from | Koha item type | Date due | Date last checked out |
|---|---|---|---|---|---|---|---|---|---|---|---|---|---|---|---|---|---|
| Colon Classification (CC) | South Campus Library | South Campus Library | 2025-05-22 | N.R.Book Distributors | 7, 19/11/2024 | G9M,116 R4 | SC1690520 | 2025-05-22 | 2025-05-22 | Textual | |||||||
| Colon Classification (CC) | South Campus Library | South Campus Library | 2025-05-22 | N.R.Book Distributors | 7, 19/11/2024 | 2 | G9M,116 R4;1 | SC1690521 | 2026-04-06 | 2025-05-22 | Textual | 2026-04-13 | 2026-04-06 | ||||
| Colon Classification (CC) | South Campus Library | South Campus Library | 2025-05-22 | N.R.Book Distributors | 7, 19/11/2024 | 3 | G9M,116 R4;2 | SC1690522 | 2026-03-25 | 2025-05-22 | Textual | 2026-03-13 |
